Zahraniční účastníci a prienik nových technológií v brazilskom poistnom priemysle

Zahraničné poisťovacie spoločnosti na brazílskom poistnom trhu. Niektoré z poisťovacích a brokerských spoločností pôsobiacich v Brazílii. Databázový marketing v Brazílii. Súčasné prieskumy trhu. Rast dopytu po technológiách a ich využitie. Poisťovanie cez internet.

Salvato in:
Dettagli Bibliografici
Autore principale: Korauš, Antonín
Natura: Capitolo di libro
Lingua:slovacco
Soggetti:
Tags: Aggiungi Tag
Nessun Tag, puoi essere il primo ad aggiungerne!!

MARC

LEADER 00000naa$a2200000$$$4500
001 0004592
005 20230927101226.2
041 0 |a slo 
044 |a CZ 
245 1 0 |a Zahraniční účastníci a prienik nových technológií v brazilskom poistnom priemysle  |c aut. Anton Korauš 
520 |a Zahraničné poisťovacie spoločnosti na brazílskom poistnom trhu. Niektoré z poisťovacích a brokerských spoločností pôsobiacich v Brazílii. Databázový marketing v Brazílii. Súčasné prieskumy trhu. Rast dopytu po technológiách a ich využitie. Poisťovanie cez internet. 
610 2 0 |a poisťovníctvo 
610 2 0 |a Brazília 
610 2 0 |a spoločnosti 
610 2 0 |a poisťovne 
610 2 0 |a trh poistný 
610 2 0 |a technológie informačné 
100 1 |a Korauš, Antonín